000 00430nam a22001697a 4500
003 NUST - PNEC
005 20170116180957.0
008 150912b xxu||||| |||| 00| 0 eng d
020 _a-
040 _cLIBRARY
082 _a621.381528 WAL
100 _99294
_aWalker, Robert L
245 _aIntroduction to transistor electronics
_cRobert L. Walker
260 _cc.1966
650 _99297
_aTransistors
_xEE
942 _2ddc
_cBK
999 _c66570
_d66570